| 000 | 00368nam a2200145Ia 4500 | ||
|---|---|---|---|
| 008 | 210210b1984 xxu||||| |||| 00| 0 eng d | ||
| 082 | _a370.15 CHIC | ||
| 100 | _aCHRISTIAN (Jyoti). | ||
| 245 | _aClass-room group dynamics. | ||
| 260 |
_aMeerut. _bAnu books _c1984 |
||
| 300 | _axii,150 | ||
| 650 | _aEducational Psychology | ||
| 690 | _aEducation | ||
| 906 | _a036819 | ||
| 999 |
_c87309 _d87309 |
||